000 00473nab a2200145Ia 4500
003 ES-SlBCS
005 20210601133029.0
008 140529s1982 xxu||||| |||| 00| 0 ita d
041 _aita
100 1 _aValeriani, Aurelio
_9201547
245 0 0 _aRiflessioni su: il tempo libero e l'educazione degli adulti
_c Aurelio Valeriani
650 0 4 _aEducación de Adultos
_9128539
773 0 _tRassegna di Pedagogia
_gvol. 40, nº. 2-3-4, 1982, págs. 206-221
_wRev924
942 _cAR
999 _c589584
_d589584